| 000 | 00353nam a2200145Ia 4500 | ||
|---|---|---|---|
| 008 | 200103s9999||||xx |||||||||||||| ||und|| | ||
| 020 | _a8172244800 | ||
| 040 | _aIMU-MPC | ||
| 082 | _aColumn-61 | ||
| 100 | _aScott, Bill | ||
| 245 | 4 | _aThe skills of communicating | |
| 260 |
_bJaico Publishing House, Bombay _c1995 |
||
| 300 | _axi, 198 | ||
| 942 | _cBK | ||
| 999 |
_c10994 _d10994 |
||